书目信息 |
| 题名: |
建筑形式的视觉动力
|
|
| 作者: | 阿恩海姆 著 ;宁海林 译 | |
| 分册: | ||
| 出版信息: | 北京 中国建筑工业出版社 2006.09 |
|
| 页数: | 15, 231页 | |
| 开本: | 24cm | |
| 丛书名: | 国外建筑理论译丛 | |
| 单 册: | ||
| 中图分类: | TU-0 | |
| 科图分类: | ||
| 主题词: | 建筑理论--jian zhu li lun | |
| 电子资源: | ||
| ISBN: | 7-112-08459-8 | |
| 000 | 01178nam 2200313 450 | |
| 001 | 012008733134 | |
| 005 | 20080115110700.90 | |
| 010 | @a7-112-08459-8@dCNY50.00 | |
| 100 | @a20080113d2006 em y0chiy0120 ea | |
| 101 | 1 | @achi@ceng |
| 102 | @aCN@b110000 | |
| 105 | @aa a 000yy | |
| 106 | @ar | |
| 200 | 1 | @a建筑形式的视觉动力@Ajian zhu xing shi de shi jue dong li@f(美) 鲁道夫·阿恩海姆著@F(mei)lu dao fu·a en hai mu zhu@g宁海林译@Gning hai lin yi |
| 210 | @a北京@c中国建筑工业出版社@d2006.09 | |
| 215 | @a15, 231页@c图@d24cm | |
| 225 | 2 | @a国外建筑理论译丛@Aguo wai jian zhu li lun yi cong |
| 305 | @a由美国加利福尼亚大学出版社授权出版 | |
| 312 | @a英文并列题名取自封面 | |
| 320 | @a有书目 (第218-222页) | |
| 330 | @a本书主要内容包括:空间要素、垂直与水平、实体和虚空、所见与所是、运动、秩序与无秩序、动力的象征意义、表现和功能。 | |
| 410 | 0 | @12001 @a国外建筑理论译丛 |
| 500 | 10 | @aDynamics of architectural form@mChinese |
| 606 | 0 | @a建筑理论@Ajian zhu li lun |
| 690 | @aTU-0@v4 | |
| 701 | 1 | @a阿恩海姆@Aa en hai mu@g(Arnheim, Rudolf)@4著 |
| 702 | 0 | @a宁海林@Aning hai lin@4译 |
| 801 | 0 | @aCN@bQSSK@c20080115 |
| 905 | @b277855-57@dTU-0@eA052@f3 | |
| 建筑形式的视觉动力/(美) 鲁道夫·阿恩海姆著/宁海林译.-北京:中国建筑工业出版社,2006.09 |
| 15, 231页:图;24cm.-(国外建筑理论译丛) |
| ISBN 7-112-08459-8:CNY50.00 |
| 本书主要内容包括:空间要素、垂直与水平、实体和虚空、所见与所是、运动、秩序与无秩序、动力的象征意义、表现和功能。 |
| ● |
| 相关链接 |
|
|
|
正题名:建筑形式的视觉动力
索取号:TU-0/A052
 
预约/预借
| 序号 | 登录号 | 条形码 | 馆藏地/架位号 | 状态 | 备注 |
| 1 | 277855 | 202778556 | 建筑库101/101建筑库 2排1列4层/ [索取号:TU-0/A052] | 在馆 | |
| 2 | 277856 | 202778565 | 建筑库101/101建筑库 2排1列4层/ [索取号:TU-0/A052] | 在馆 | |
| 3 | 277857 | 202778574 | 建筑库101/101建筑库 2排1列4层/ [索取号:TU-0/A052] | 在馆 |